| 000 | 00434cam a2200193ua 4500 | ||
|---|---|---|---|
| 001 | 3349 | ||
| 008 | 150128n ii |||gr||||Z||||||asm | ||
| 040 | _cMAIN | ||
| 041 | _aasm | ||
| 082 | _a891.4513N | ||
| 100 | _aChoudhuri, Rita, | ||
| 245 |
_aMakam _cby Rita Choudhuri |
||
| 250 | _a1st. | ||
| 260 |
_aGuahati: _bJyoti Prakashan, _c2010. |
||
| 300 |
_a608p: _c23cm. |
||
| 653 | _aAssamese novel | ||
| 653 | _aMakam | ||
| 942 | _cBK | ||
| 999 |
_c3194 _d3194 |
||